[Event "2023 Perth Chess Club Championship"]
[Site "Woodvale, Perth WA AUS"]
[Date "2023.05.10"]
[Round "5"]
[White "Brooke, John"]
[Black "Browning, Thomas"]
[Result "1-0"]
[WhiteElo "1301"]
[BlackElo "1601"]
[PlyCount "75"]
[EventDate "2023.04.12"]
[EventType "swiss"]
[EventRounds "7"]
[EventCountry "AUS"]
[TimeControl "3600+30"]

1. e4 c5 2. Nf3 Nc6 3. a3 g6 4. Bc4 Bg7 5. O-O d6 6. d3 Bg4 7. Nbd2 Nf6 8. c3
e6 9. Qb3 Qc7 10. Qa4 Rc8 11. Ba2 Ra8 12. e5 Nd7 13. Qxg4 O-O 14. Bc4 d5 15.
Ba2 Ncxe5 16. Nxe5 Nxe5 17. Qe2 f5 18. Nf3 Rad8 19. Re1 Ng4 20. Qxe6+ Kh8 21.
Bg5 Rde8 22. Qxd5 h6 23. Bd2 Rd8 24. Qc4 Qc6 25. Re6 Qd7 26. Rxg6 Kh7 27. Re6
b5 28. Qf4 c4 29. Rae1 Qxd3 30. Bb1 Qd5 31. h3 Nf6 32. Bxf5+ Kh8 33. R1e5 Qb7
34. Qh4 Qc7 35. Nd4 a6 36. Bxh6 Bxh6 37. Qxh6+ Kg8 38. Re7 1-0

[Event "2023 Perth Chess Club Championship"]
[Site "Woodvale, Perth WA AUS"]
[Date "2023.05.10"]
[Round "5"]
[White "Leech, Martin"]
[Black "Curtis, Calan"]
[Result "1-0"]
[WhiteElo "1424"]
[BlackElo "919"]
[PlyCount "73"]
[EventDate "2023.04.12"]
[EventType "swiss"]
[EventRounds "7"]
[EventCountry "AUS"]
[TimeControl "3600+30"]

1. e4 e6 2. d4 d5 3. Nd2 c5 4. c3 cxd4 5. cxd4 Nc6 6. Ngf3 Qb6 7. exd5 exd5 8.
Nb3 a5 9. Be3 Bg4 10. Be2 Bb4+ 11. Nbd2 Bxf3 12. Bxf3 Nxd4 13. a3 Nxf3+ 14.
Qxf3 Bxd2+ 15. Bxd2 Qxb2 16. Bc3 Qc2 17. Bxg7 d4 18. Bxd4 f6 19. O-O Qc6 20.
Rfe1+ Kf8 21. Qf4 Re8 22. Rxe8+ Kxe8 23. Re1+ Kf7 24. Rc1 Qe6 25. Qc7+ Qe7 26.
Qc4+ Qe6 27. Qxe6+ Kxe6 28. Rc8 b5 29. g4 Kf7 30. g5 b4 31. axb4 axb4 32. Bxf6
Nxf6 33. Rxh8 Nd7 34. Rxh7+ Ke6 35. Rh4 b3 36. Rb4 Nc5 37. h4 1-0

[Event "2023 Perth Chess Club Championship"]
[Site "Woodvale, Perth WA AUS"]
[Date "2023.05.10"]
[Round "5"]
[White "Ross, Leo"]
[Black "Hounsome, David"]
[Result "1-0"]
[WhiteElo "1233"]
[BlackElo "1393"]
[PlyCount "83"]
[EventDate "2023.04.12"]
[EventType "swiss"]
[EventRounds "7"]
[EventCountry "AUS"]
[TimeControl "3600+30"]

1. e4 e6 2. d4 d5 3. Nc3 dxe4 4. Nxe4 Nd7 5. Nf3 Ngf6 6. Bg5 Be7 7. Bxf6 Nxf6
8. Nxf6+ Bxf6 9. c3 O-O 10. Bd3 b6 11. Qc2 g6 12. h4 Bb7 13. h5 Bxf3 14. gxf3
Qd5 15. O-O-O Bg5+ 16. Kb1 f5 17. hxg6 hxg6 18. Rdg1 Qd8 19. f4 Bf6 20. Rxg6+
Bg7 21. Bc4 Rf6 22. Bxe6+ Kf8 23. Bxf5 Rxg6 24. Bxg6 Qf6 25. f5 Rd8 26. Qb3 Rd7
27. Re1 Re7 28. Qa3 Qd6 29. Rxe7 Qxe7 30. Qxe7+ Kxe7 31. Kc2 Kd6 32. Kd3 b5 33.
Ke4 c5 34. f4 a5 35. d5 c4 36. a3 Kc5 37. f6 Bxf6 38. Kf5 Bh8 39. Ke6 b4 40. d6
bxa3 41. bxa3 Bxc3 42. d7 1-0

[Event "2023 Perth Chess Club Championship"]
[Site "Woodvale, Perth WA AUS"]
[Date "2023.05.10"]
[Round "5"]
[White "Wu, Kobe"]
[Black "Gough, Dylan"]
[Result "1/2-1/2"]
[WhiteElo "1206"]
[BlackElo "1745"]
[PlyCount "118"]
[EventDate "2023.04.12"]
[EventType "swiss"]
[EventRounds "7"]
[EventCountry "AUS"]
[TimeControl "3600+30"]

1. e4 c5 2. Nf3 Nc6 3. Bb5 e6 4. Nc3 g6 5. d4 cxd4 6. Nxd4 Bg7 7. Nf3 Nge7 8.
O-O O-O 9. Be3 Qa5 10. Bxc6 bxc6 11. Qd2 Rb8 12. Bh6 f6 13. Bxg7 Kxg7 14. b3
Qc7 15. Rad1 Rd8 16. Qd6 Qxd6 17. Rxd6 Kf7 18. e5 Nd5 19. Nxd5 cxd5 20. c4 Bb7
21. c5 Bc6 22. Re1 Rb5 23. Rc1 Rb4 24. Rd1 Re4 25. Nd4 Rxd4 26. Rxd4 fxe5 27.
Rd1 Rb8 28. f3 Rb4 29. Re1 Kf6 30. Kf2 a5 31. Kg3 a4 32. Rb1 a3 33. Rf1 Rd4 34.
Rf2 Rd3 35. Re2 Rc3 36. b4 d4 37. Kf2 Rc4 38. Rd2 Rxb4 39. f4 Rb2 40. fxe5+
Kxe5 41. R6xd4 Bd5 42. Rxb2 axb2 43. Rb4 Bxa2 44. Rxb2 Bd5 45. Ke3 Bc6 46. g3
g5 47. h4 g4 48. h5 Kf5 49. Rb4 Kg5 50. h6 e5 51. Rc4 Bf3 52. Rc2 Kxh6 53. Rh2+
Kg6 54. Rh4 h5 55. Kd3 Bd5 56. Ke3 Kg5 57. Kd3 Bf7 58. Ke4 Kf6 59. Rh2 Ke6
1/2-1/2

[Event "2023 Perth Chess Club Championship"]
[Site "Woodvale, Perth WA AUS"]
[Date "2023.05.10"]
[Round "5"]
[White "Powell, Darren"]
[Black "Rennie, Mike"]
[Result "1-0"]
[WhiteElo "1355"]
[BlackElo "869"]
[PlyCount "77"]
[EventDate "2023.04.12"]
[EventType "swiss"]
[EventRounds "7"]
[EventCountry "AUS"]
[TimeControl "3600+30"]

1. e4 e5 2. Nf3 d6 3. d3 Nc6 4. Nc3 Nf6 5. Bg5 Be7 6. h3 Nd4 7. Nd5 c6 8. Nxf6+
Bxf6 9. Bxf6 gxf6 10. Qd2 Qb6 11. O-O-O Be6 12. b3 O-O-O 13. Nxd4 Qxd4 14. Kb1
Qb6 15. f3 d5 16. Qh6 d4 17. Qxf6 Rhf8 18. Qxe5 Qb4 19. f4 a5 20. f5 Bd7 21.
Rc1 a4 22. c3 dxc3 23. Rxc3 axb3 24. Rxb3 Qd2 25. Qd4 Qd1+ 26. Kb2 b5 27. Qc5
Qd2+ 28. Ka1 Qh6 29. Rxb5 Qf6+ 30. d4 Kc7 31. Qa7+ Kd6 32. e5+ Qxe5 33. dxe5+
Ke7 34. f6+ Ke6 35. Bc4+ Kf5 36. Qf2+ Kg6 37. Bd3+ Kh6 38. Qf4+ Kh5 39. e6+ 1-0

[Event "2023 Perth Chess Club Championship"]
[Site "Woodvale, Perth WA AUS"]
[Date "2023.05.10"]
[Round "5"]
[White "Markou, Victor"]
[Black "Kerr, Carter"]
[Result "0-1"]
[WhiteElo "1070"]
[BlackElo "1257"]
[PlyCount "36"]
[EventDate "2023.04.12"]
[EventType "swiss"]
[EventRounds "7"]
[EventCountry "AUS"]
[TimeControl "3600+30"]

1. e4 e5 2. Nf3 Nf6 3. d3 Nc6 4. g3 Bc5 5. Bg2 d6 6. O-O Bg4 7. Nbd2 h5 8. Re1
h4 9. Nf1 hxg3 10. Be3 gxh2+ 11. N1xh2 Nd4 12. c3 Nxf3+ 13. Nxf3 Qd7 14. Qb3
Bh3 15. Ng5 Bxg2 16. Qxb7 Qg4 17. Qxa8+ Ke7 18. Qc6 Rh1# 0-1

[Event "2023 Perth Chess Club Championship"]
[Site "Woodvale, Perth WA AUS"]
[Date "2023.05.10"]
[Round "5"]
[White "Gough, Sebastian"]
[Black "Young, Manfred"]
[Result "1-0"]
[WhiteElo "1052"]
[BlackElo "1171"]
[PlyCount "67"]
[EventDate "2023.04.12"]
[EventType "swiss"]
[EventRounds "7"]
[EventCountry "AUS"]
[TimeControl "3600+30"]

1. Nf3 c5 2. g3 Nc6 3. Bg2 d5 4. O-O e5 5. d3 Nf6 6. Bg5 h6 7. Bxf6 Qxf6 8.
Nbd2 Bd6 9. e4 d4 10. Nc4 Bc7 11. a3 b5 12. Ncd2 O-O 13. c4 b4 14. Qa4 Rb8 15.
Nb3 Bd6 16. Qxc6 Rb6 17. Qa4 Ra6 18. Qb5 Qe7 19. Na5 Bb7 20. Nxb7 Rb6 21. Qa5
Rxb7 22. axb4 Rxb4 23. Qxa7 Qxa7 24. Rxa7 Rxb2 25. Ra6 Bc7 26. Rc6 Bb6 27. Nxe5
Rd8 28. Nf3 Ra8 29. Rd1 Raa2 30. Ne1 Ba5 31. e5 Bxe1 32. Be4 Bxf2+ 33. Kf1 Be3
34. Rc8# 1-0

[Event "2023 Perth Chess Club Championship"]
[Site "Woodvale, Perth WA AUS"]
[Date "2023.05.17"]
[Round "6"]
[White "Hernandez Mendez, Iker"]
[Black "Laubbacher, Jamie"]
[Result "1/2-1/2"]
[WhiteElo "1842"]
[BlackElo "1904"]
[PlyCount "55"]
[EventDate "2023.04.12"]
[EventType "swiss"]
[EventRounds "7"]
[EventCountry "AUS"]
[TimeControl "3600+30"]

1. e4 e5 2. Nf3 Nc6 3. Bb5 a6 4. Bxc6 dxc6 5. O-O Qf6 6. d4 exd4 7. Bg5 Qd6 8.
Nxd4 Be7 9. Be3 Nf6 10. f3 Qe5 11. Nd2 Nd5 12. Bf2 Nf4 13. Nc4 Qg5 14. Bg3 h5
15. Qd2 Ne6 16. Qxg5 Bxg5 17. Ne2 h4 18. Be5 Bd7 19. f4 Be7 20. f5 Bc5+ 21. Kh1
Ng5 22. Rf4 b5 23. Na5 f6 24. Bxc7 Ra7 25. Bb8 Ra8 26. Bc7 Ra7 27. Bb8 Ra8 28.
Bc7 1/2-1/2

[Event "2023 Perth Chess Club Championship"]
[Site "Woodvale, Perth WA AUS"]
[Date "2023.05.17"]
[Round "6"]
[White "Plaganyi, Gyula"]
[Black "Saxon, Marc"]
[Result "1/2-1/2"]
[WhiteElo "1935"]
[WhiteTitle "CM"]
[BlackElo "2014"]
[PlyCount "140"]
[EventDate "2023.04.12"]
[EventType "swiss"]
[EventRounds "7"]
[EventCountry "AUS"]
[TimeControl "3600+30"]

1. d4 Nf6 2. c4 g6 3. f3 d5 4. cxd5 Nxd5 5. e4 Nb6 6. Nc3 Bg7 7. Be3 e5 8. d5
O-O 9. Qd2 c6 10. O-O-O cxd5 11. exd5 N8d7 12. h4 Nf6 13. Kb1 Bd7 14. Bd3 Nbxd5
15. Nxd5 Nxd5 16. Bg5 Qb6 17. Bc4 Nf6 18. h5 Rad8 19. Qe2 Bf5+ 20. Ka1 Rxd1+
21. Qxd1 Rd8 22. Qe2 h6 23. Bc1 Nxh5 24. Qe1 Bc2 25. Ne2 e4 26. Nc3 Qb4 27. Bb3
Bxb3 28. axb3 Rd3 29. Qxe4 Qxe4 30. fxe4 Ng3 31. Rh3 Be5 32. Bxh6 Rd4 33. Be3
Rb4 34. Bc5 Rxb3 35. Ka2 Rxc3 36. bxc3 Nxe4 37. Bd4 Bg7 38. Re3 Nd6 39. Bxa7
Nb5 40. Re8+ Kh7 41. Bd4 Nxd4 42. cxd4 Bxd4 43. Re7 b6 44. Rxf7+ Kh6 45. Kb3
Kh5 46. Kc4 Bc5 47. Kd3 g5 48. Ke2 Kg6 49. Rd7 Kf5 50. Rf7+ Ke6 51. Rg7 Kf6 52.
Rg8 Bd6 53. Kf3 Bc5 54. Ke4 Bd6 55. g4 Bc5 56. Rc8 Kf7 57. Rc6 Kg7 58. Kf5 Be3
59. Re6 Bf4 60. Rxb6 Kf7 61. Rb7+ Ke8 62. Kf6 Kf8 63. Rh7 Kg8 64. Kg6 Kf8 65.
Rf7+ Ke8 66. Rf5 Ke7 {(1)} 67. Kh7 Ke6 68. Kg6 Ke7 {(2)} 69. Kh6 Ke6 70. Kg6
Ke7 {(3)} 1/2-1/2

[Event "2023 Perth Chess Club Championship"]
[Site "Woodvale, Perth WA AUS"]
[Date "2023.05.17"]
[Round "6"]
[White "O'Shaughnessy, Dave"]
[Black "Janceski, Alex"]
[Result "1/2-1/2"]
[WhiteElo "1986"]
[BlackElo "1851"]
[PlyCount "88"]
[EventDate "2023.04.12"]
[EventType "swiss"]
[EventRounds "7"]
[EventCountry "AUS"]
[TimeControl "3600+30"]

1. f4 d5 2. Nf3 Nf6 3. e3 Bg4 4. Be2 e6 5. b3 g6 6. Bb2 Bg7 7. Ne5 Bxe2 8. Qxe2
O-O 9. O-O Nbd7 10. d3 c6 11. Nd2 Nxe5 12. Bxe5 Nd7 13. Bxg7 Kxg7 14. Nf3 Qc7
15. g3 Rae8 16. e4 c5 17. e5 h6 18. c4 d4 19. Nd2 f5 20. exf6+ Nxf6 21. Rae1 h5
22. Qe5 Qxe5 23. Rxe5 b6 24. h3 Rf7 25. Nf3 Rfe7 26. Rfe1 Nd7 27. R5e2 Kf6 28.
Ne5 Nxe5 29. Rxe5 Ra8 30. Kf2 a5 31. a4 Rh8 32. Kf3 Rhh7 33. Kg2 Rh8 34. g4
hxg4 35. hxg4 Rhh7 36. Kg3 Rh8 37. f5 gxf5 38. gxf5 Rhe8 39. Rxe6+ Rxe6 40.
Rxe6+ Rxe6 41. fxe6 Kxe6 42. Kg4 Ke5 43. Kg5 Ke6 44. Kg6 Ke5 1/2-1/2

[Event "2023 Perth Chess Club Championship"]
[Site "Woodvale, Perth WA AUS"]
[Date "2023.05.17"]
[Round "6"]
[White "Barry, David"]
[Black "Garang, Kuol Awan"]
[Result "1-0"]
[WhiteElo "1897"]
[BlackElo "1619"]
[PlyCount "107"]
[EventDate "2023.04.12"]
[EventType "swiss"]
[EventRounds "7"]
[EventCountry "AUS"]
[TimeControl "3600+30"]

1. e4 e5 2. Nf3 Nc6 3. Bb5 Bc5 4. c3 Nge7 5. O-O O-O 6. Re1 d6 7. h3 h6 8. d4
Bb6 9. Be3 exd4 10. cxd4 d5 11. Nc3 dxe4 12. Nxe4 Qd5 13. Bd3 Nf5 14. Nc3 Qd8
15. Bxf5 Bxf5 16. d5 Nb4 17. Bxb6 axb6 18. Re5 Qf6 19. Ne4 Bxe4 20. Rxe4 Qxb2
21. Rb1 Qc2 22. Rexb4 Rxa2 23. Qxc2 Rxc2 24. d6 cxd6 25. Rxb6 Ra8 26. R6b2 Ra1
27. Nd4 Rxb2 28. Rxa1 g6 29. Ra8+ Kg7 30. Rd8 Kf6 31. Rxd6+ Ke7 32. Rd5 Rb4 33.
Nc2 Rb2 34. Ne3 b5 35. Rc5 f5 36. Rc2 Rb1+ 37. Kh2 f4 38. Nd5+ Ke6 39. Nxf4+
Kf5 40. Nd5 b4 41. Rc5 Ke4 42. Rb5 Rf1 43. f3+ Kd4 44. Nxb4 Kc4 45. Rb8 Rb1 46.
Kg3 Rxb4 47. Rxb4+ Kxb4 48. Kg4 Kc5 49. f4 Kd4 50. h4 Ke4 51. g3 Ke3 52. h5
gxh5+ 53. Kxh5 Kf3 54. f5 1-0

[Event "2023 Perth Chess Club Championship"]
[Site "Woodvale, Perth WA AUS"]
[Date "2023.05.17"]
[Round "6"]
[White "Clarke, Daniel"]
[Black "De Yaak, Peter"]
[Result "1-0"]
[WhiteElo "1880"]
[BlackElo "1892"]
[PlyCount "105"]
[EventDate "2023.04.12"]
[EventType "swiss"]
[EventRounds "7"]
[EventCountry "AUS"]
[TimeControl "3600+30"]

1. e4 c5 2. Nf3 Nc6 3. d4 cxd4 4. Nxd4 e5 5. Nb5 d6 6. N1c3 Nf6 7. Bg5 a6 8.
Bxf6 gxf6 9. Na3 Be6 10. Nc4 Nd4 11. Ne3 Rc8 12. Bd3 h5 13. Ncd5 Rc5 14. c3 Nc6
15. b4 Rb5 16. a4 Rb6 17. a5 Rb5 18. Bxb5 axb5 19. a6 bxa6 20. Rxa6 Nb8 21. Ra8
Bg7 22. Qe2 Bd7 23. O-O Bc6 24. Ra5 Kf8 25. Nf5 Be8 26. Nxg7 Kxg7 27. Rfa1 Bc6
28. Qf3 Rh6 29. Ne3 Bd7 30. Nf5+ Bxf5 31. exf5 Qe8 32. Ra8 Rh8 33. R1a7 e4 34.
Qg3+ Kh6 35. Qxd6 Kg5 36. Rb7 Qd8 37. h4+ Kg4 38. Qxd8 Rxd8 39. Raxb8 Rd1+ 40.
Kh2 Rd2 41. Rg8+ Kf4 42. Re8 Rxf2 43. Kg1 Rc2 44. Rbe7 Rc1+ 45. Kf2 Rc2+ 46.
Kf1 Rc1+ 47. Ke2 Rxc3 48. Rxe4+ Kxf5 49. Rd4 Rb3 50. Rd5+ Kf4 51. Rxb5 Kg3 52.
Re3+ Rxe3+ 53. Kxe3 1-0

[Event "2023 Perth Chess Club Championship"]
[Site "Woodvale, Perth WA AUS"]
[Date "2023.05.17"]
[Round "6"]
[White "Leonhardt, Wolfgang"]
[Black "Maris, Rob"]
[Result "0-1"]
[WhiteElo "1778"]
[BlackElo "2050"]
[PlyCount "58"]
[EventDate "2023.04.12"]
[EventType "swiss"]
[EventRounds "7"]
[EventCountry "AUS"]
[TimeControl "3600+30"]

1. d4 Nf6 2. Nc3 e6 3. e4 Bb4 4. Bd3 b6 5. a3 Bxc3+ 6. bxc3 Bb7 7. Qe2 d6 8.
Nf3 Nbd7 9. Bg5 h6 10. Bf4 a5 11. e5 Nd5 12. Bd2 dxe5 13. Nxe5 Nxe5 14. Qxe5
Qf6 15. Qg3 g5 16. Be4 O-O-O 17. O-O Ba6 18. Bd3 Bxd3 19. Qxd3 Kb7 20. Rab1 Nf4
21. Qf3+ Ka7 22. c4 Qxd4 23. Bxa5 Qc5 24. Bb4 Qxc4 25. Be7 Rd5 26. Rb4 Qxc2 27.
a4 Ne2+ 28. Kh1 Rd1 29. Rb1 Qxb1 0-1

[Event "2023 Perth Chess Club Championship"]
[Site "Woodvale, Perth WA AUS"]
[Date "2023.05.17"]
[Round "6"]
[White "Wolstencroft, Alan"]
[Black "Leech, Martin"]
[Result "1/2-1/2"]
[WhiteElo "1849"]
[BlackElo "1424"]
[PlyCount "76"]
[EventDate "2023.04.12"]
[EventType "swiss"]
[EventRounds "7"]
[EventCountry "AUS"]
[TimeControl "3600+30"]

1. e4 e6 2. d4 d5 3. e5 c5 4. c3 Nc6 5. Be3 Qb6 6. Qd2 cxd4 7. cxd4 Nge7 8. Nc3
Nf5 9. Nf3 Be7 10. Be2 O-O 11. O-O Bd7 12. h3 f6 13. exf6 Bxf6 14. Rad1 Rac8
15. Bd3 Nxe3 16. fxe3 a6 17. a3 Qc7 18. Bb1 Ne7 19. Nh2 Bg5 20. Nf3 Bh6 21.
Rde1 Nf5 22. Ne5 Rce8 23. Bxf5 Rxf5 24. Rxf5 exf5 25. Nxd5 Qd6 26. Qa5 Bb5 27.
Nc3 Bxe3+ 28. Kh1 Bxd4 29. Nf3 Rxe1+ 30. Nxe1 Qf4 31. Qd8+ Kf7 32. Qd5+ Kg6 33.
Qe6+ Kg5 34. Nf3+ Kh5 35. Qf7+ Kh6 36. Qe6+ g6 37. Qe1 Bc6 38. Nxd4 Qxd4
1/2-1/2

[Event "2023 Perth Chess Club Championship"]
[Site "Woodvale, Perth WA AUS"]
[Date "2023.05.17"]
[Round "6"]
[White "Roebuck, Derek"]
[Black "Brooke, John"]
[Result "1/2-1/2"]
[WhiteElo "1804"]
[BlackElo "1301"]
[PlyCount "107"]
[EventDate "2023.04.12"]
[EventType "swiss"]
[EventRounds "7"]
[EventCountry "AUS"]
[TimeControl "3600+30"]

1. e4 e5 2. Nf3 Nc6 3. Bc4 h6 4. O-O Nf6 5. c3 a6 6. d4 exd4 7. e5 Nh7 8. cxd4
Be7 9. d5 Na5 10. Bd3 b5 11. Bd2 Nc4 12. Bc3 Ng5 13. e6 f6 14. Nxg5 hxg5 15.
Qe2 Bb7 16. b3 Nd6 17. Bg6+ Kf8 18. Rd1 Rh6 19. Bc2 Qc8 20. Bb4 dxe6 21. dxe6
c5 22. Bc3 Qc6 23. f3 Rd8 24. Nd2 Qc7 25. g3 Qb6 26. Qe3 Nc8 27. Ne4 Qxe6 28.
Rxd8+ Bxd8 29. Qxc5+ Be7 30. Qc7 Qb6+ 31. Qxb6 Nxb6 32. Bd4 Nd5 33. Nc5 Bc8 34.
a4 Nb4 35. Rc1 f5 36. axb5 axb5 37. Bd1 Rc6 38. Nd3 Rxc1 39. Nxc1 Nc6 40. Be3
Be6 41. Kf2 Na5 42. Bb6 Nb7 43. Nd3 Bd6 44. f4 g4 45. Ke3 Ke7 46. Kd4 Kf6 47.
b4 Bc4 48. Nc5 Nxc5 49. bxc5 Bb8 50. c6 Bd6 51. c7 Be6 52. Be2 Bc8 53. Bxb5 Ke6
54. Bc6 1/2-1/2

[Event "2023 Perth Chess Club Championship"]
[Site "Woodvale, Perth WA AUS"]
[Date "2023.05.17"]
[Round "6"]
[White "Gibson, Jacob"]
[Black "Ross, Leo"]
[Result "1-0"]
[WhiteElo "1964"]
[BlackElo "1233"]
[PlyCount "41"]
[EventDate "2023.04.12"]
[EventType "swiss"]
[EventRounds "7"]
[EventCountry "AUS"]
[TimeControl "3600+30"]

1. e4 c6 2. d4 d5 3. f3 Qb6 4. Nc3 dxe4 5. fxe4 e5 6. Nf3 exd4 7. Nxd4 Nf6 8.
Be2 Bb4 9. Bf3 Bxc3+ 10. bxc3 O-O 11. Bg5 c5 12. Nb3 Nbd7 13. Rb1 Re8 14. O-O
Nxe4 15. Bxe4 Rxe4 16. Nd2 Qg6 17. Nxe4 Qxe4 18. Re1 Qc6 19. Re8+ Nf8 20. Rxf8+
Kxf8 21. Qd8+ 1-0

[Event "2023 Perth Chess Club Championship"]
[Site "Woodvale, Perth WA AUS"]
[Date "2023.05.17"]
[Round "6"]
[White "Gough, Dylan"]
[Black "Powell, Darren"]
[Result "1-0"]
[WhiteElo "1745"]
[BlackElo "1355"]
[PlyCount "67"]
[EventDate "2023.04.12"]
[EventType "swiss"]
[EventRounds "7"]
[EventCountry "AUS"]
[TimeControl "3600+30"]

1. d4 d5 2. c4 Nf6 3. e3 e6 4. Nc3 Bb4 5. Bd2 O-O 6. cxd5 exd5 7. Bd3 Re8 8.
Nge2 c5 9. O-O c4 10. Bc2 Bd6 11. h3 a6 12. Nf4 Be6 13. Nxe6 Rxe6 14. Bf5 Re8
15. Re1 Nc6 16. Qf3 Nb4 17. a3 Nd3 18. Bxd3 cxd3 19. e4 Bb8 20. Qxd3 Qc7 21. e5
Re6 22. f4 Nd7 23. Nxd5 Qc6 24. Nb4 Qb6 25. Rac1 Ba7 26. Be3 Qd8 27. d5 Bxe3+
28. Rxe3 Rh6 29. d6 a5 30. Nd5 Kh8 31. Qf5 Nb6 32. Rec3 Rc8 33. Rxc8 Nxc8 34.
Rxc8 1-0

[Event "2023 Perth Chess Club Championship"]
[Site "Woodvale, Perth WA AUS"]
[Date "2023.05.17"]
[Round "6"]
[White "Lanham, Bruce"]
[Black "Michael, Ashley"]
[Result "0-1"]
[WhiteElo "1181"]
[BlackElo "1540"]
[PlyCount "86"]
[EventDate "2023.04.12"]
[EventType "swiss"]
[EventRounds "7"]
[EventCountry "AUS"]
[TimeControl "3600+30"]

1. d4 c5 2. d5 Nf6 3. Nc3 g6 4. e4 d6 5. Nf3 Bg7 6. Bc4 a6 7. a4 O-O 8. O-O
Nbd7 9. Re1 Nb6 10. b3 Nxc4 11. bxc4 Nxd5 12. Ne2 Bxa1 13. Bh6 Bg7 14. Bxg7
Kxg7 15. exd5 Bd7 16. Qa1+ f6 17. Nf4 Kg8 18. Ne6 Bxe6 19. dxe6 b5 20. Qa2 Qa5
21. Ra1 Qxa4 22. Qxa4 bxa4 23. Rxa4 Rab8 24. Kf1 Rb1+ 25. Ke2 Rb4 26. Rxa6 Rxc4
27. Kd3 d5 28. Nd2 Rd4+ 29. Ke3 f5 30. f3 f4+ 31. Ke2 Rd8 32. c3 Rxd2+ 33. Kxd2
Rd6 34. Rxd6 exd6 35. Kd3 Kf8 36. c4 d4 37. g3 fxg3 38. hxg3 Ke7 39. f4 Kxe6
40. Ke4 h5 41. Kd3 Kf5 42. Ke2 Ke4 43. Kf2 Kd3 0-1

[Event "2023 Perth Chess Club Championship"]
[Site "Woodvale, Perth WA AUS"]
[Date "2023.05.17"]
[Round "6"]
[White "Maujean, Jean Michel"]
[Black "Bordas, Lindsay"]
[Result "0-1"]
[WhiteElo "1307"]
[BlackElo "1056"]
[PlyCount "50"]
[EventDate "2023.04.12"]
[EventType "swiss"]
[EventRounds "7"]
[EventCountry "AUS"]
[TimeControl "3600+30"]

1. e4 e6 2. d4 d5 3. Bd3 c5 4. Bb5+ Bd7 5. Bxd7+ Qxd7 6. Nc3 dxe4 7. Nxe4 Qxd4
8. Qxd4 cxd4 9. Bf4 Bb4+ 10. Bd2 Bxd2+ 11. Nxd2 Nf6 12. Ngf3 Nc6 13. O-O-O O-O
14. Nc4 Rad8 15. Nfe5 Ne4 16. Rhf1 f6 17. Nxc6 bxc6 18. Na5 c5 19. f3 Nd6 20.
Nb3 Rc8 21. c3 e5 22. Kb1 Rfd8 23. cxd4 cxd4 24. Rfe1 Nc4 25. Nd2 Ne3 0-1

[Event "2023 Perth Chess Club Championship"]
[Site "Woodvale, Perth WA AUS"]
[Date "2023.05.17"]
[Round "6"]
[White "Frankland, David"]
[Black "Rennie, Mike"]
[Result "1-0"]
[WhiteElo "1047"]
[BlackElo "869"]
[PlyCount "111"]
[EventDate "2023.04.12"]
[EventType "swiss"]
[EventRounds "7"]
[EventCountry "AUS"]
[TimeControl "3600+30"]

1. e4 e5 2. a3 d6 3. Nc3 Nf6 4. f3 c6 5. g3 Be7 6. Bh3 O-O 7. Bxc8 Qxc8 8. d4
Nbd7 9. Bg5 Qc7 10. Bxf6 Bxf6 11. d5 Qb6 12. Na4 Qa5+ 13. Nc3 c5 14. Nge2 b5
15. O-O Bg5 16. f4 Bf6 17. f5 Qb6 18. Kg2 b4 19. axb4 Qxb4 20. b3 Qb8 21. Rf3
g5 22. g4 Kg7 23. Rb1 Rh8 24. Rh3 a5 25. Na4 Qb4 26. Ng3 Rab8 27. Qe1 Qb5 28.
Qe2 Qxe2+ 29. Nxe2 Rb4 30. Kf3 Nb6 31. Nec3 c4 32. Nxb6 Rxb6 33. bxc4 Rb4 34.
Rxb4 axb4 35. Nb5 Rd8 36. Ke2 h6 37. Rb3 Ra8 38. Rxb4 Ra2 39. Kd3 Bd8 40. Nxd6
Ba5 41. Rb3 Ra1 42. Nb7 Rd1+ 43. Ke2 Rd4 44. Nxa5 Rxe4+ 45. Kf3 Rf4+ 46. Kg3
Rf1 47. Nc6 e4 48. d6 Rd1 49. c5 Kf6 50. Re3 Rg1+ 51. Kh3 h5 52. Rxe4 hxg4+ 53.
Rxg4 Rc1 54. d7 Rxc2 55. d8=Q+ Kxf5 56. Qxg5+ 1-0

[Event "2023 Perth Chess Club Championship"]
[Site "Woodvale, Perth WA AUS"]
[Date "2023.05.24"]
[Round "7"]
[White "Laubbacher, Jamie"]
[Black "Plaganyi, Gyula"]
[Result "1-0"]
[WhiteElo "1904"]
[BlackElo "1935"]
[BlackTitle "CM"]
[PlyCount "64"]
[EventDate "2023.04.12"]
[EventType "swiss"]
[EventRounds "7"]
[EventCountry "AUS"]
[TimeControl "3600+30"]

1. e4 c5 2. c3 g6 3. d4 cxd4 4. cxd4 d5 5. e5 Nc6 6. Bb5 Bg7 7. Nf3 Bg4 8.
Bxc6+ bxc6 9. Nbd2 f6 10. h3 Bxf3 11. Nxf3 fxe5 12. dxe5 Qc7 13. Qe2 e6 14. O-O
Ne7 15. Bg5 O-O 16. Nd4 Rf7 17. Rfe1 Qd7 18. Rac1 Rc8 19. Bxe7 Rxe7 20. Rc5 Qe8
21. Rec1 Rec7 22. Nb5 Rd7 23. Nd6 Rxd6 24. exd6 Qd7 25. Qc2 Qxd6 26. Rxc6 Rxc6
27. Qxc6 Qe5 28. b4 d4 29. Qc5 Qf4 30. Qc8+ Bf8 31. Qxe6+ Qf7 32. Qxf7+ Kxf7
1-0

[Event "2023 Perth Chess Club Championship"]
[Site "Woodvale, Perth WA AUS"]
[Date "2023.05.24"]
[Round "7"]
[White "Maris, Rob"]
[Black "Barry, David"]
[Result "1/2-1/2"]
[WhiteElo "2050"]
[BlackElo "1897"]
[PlyCount "48"]
[EventDate "2023.04.12"]
[EventType "swiss"]
[EventRounds "7"]
[EventCountry "AUS"]
[TimeControl "3600+30"]

1. c4 Nf6 2. Nc3 e6 3. Nf3 d5 4. e3 c5 5. d4 Nc6 6. a3 cxd4 7. exd4 Be7 8. Bd3
dxc4 9. Bxc4 O-O 10. O-O b6 11. b4 Qc7 12. Qe2 Bb7 13. Nb5 Qd7 14. Rd1 Rac8 15.
Ne5 Nxe5 16. dxe5 Qc6 17. f3 Qxc4 18. Qxc4 Rxc4 19. exf6 Bxf6 20. Rb1 a6 21.
Nd6 Rc7 22. Be3 Bd5 23. Bxb6 Rc6 24. Bc5 Be7 1/2-1/2

[Event "2023 Perth Chess Club Championship"]
[Site "Woodvale, Perth WA AUS"]
[Date "2023.05.24"]
[Round "7"]
[White "Lakner, Jay"]
[Black "O'Shaughnessy, Dave"]
[Result "1-0"]
[WhiteElo "2047"]
[BlackElo "1986"]
[PlyCount "61"]
[EventDate "2023.04.12"]
[EventType "swiss"]
[EventRounds "7"]
[EventCountry "AUS"]
[TimeControl "3600+30"]

1. c4 e5 2. Nc3 Bb4 3. Nd5 a5 4. Nxb4 axb4 5. d4 exd4 6. Qxd4 Qf6 7. Qxf6 Nxf6
8. e3 Nc6 9. Nf3 Na5 10. Nd2 d6 11. Bd3 Be6 12. O-O Nd7 13. b3 Nc5 14. Bc2 O-O
15. Bb2 f5 16. Nf3 Nc6 17. Nd4 Bd7 18. Nxc6 Bxc6 19. f3 g6 20. a3 Na6 21. Rfd1
b6 22. Kf2 Rfe8 23. h3 Kf7 24. g4 fxg4 25. hxg4 bxa3 26. Bxa3 b5 27. cxb5 Bxb5
28. Be4 Rad8 29. Rac1 c5 30. Rh1 Kg8 31. Bd5+ 1-0

[Event "2023 Perth Chess Club Championship"]
[Site "Woodvale, Perth WA AUS"]
[Date "2023.05.24"]
[Round "7"]
[White "Saxon, Marc"]
[Black "Kerr, Lennon"]
[Result "1-0"]
[WhiteElo "2014"]
[BlackElo "860"]
[PlyCount "71"]
[EventDate "2023.04.12"]
[EventType "swiss"]
[EventRounds "7"]
[EventCountry "AUS"]
[TimeControl "3600+30"]

1. e4 d5 2. exd5 Nf6 3. d4 Nxd5 4. Nf3 Bg4 5. Be2 e6 6. O-O Be7 7. c4 Nf6 8. h3
Bh5 9. Nc3 Nc6 10. Be3 O-O 11. a3 a5 12. Qb3 Qd7 13. Rad1 a4 14. Qa2 Na5 15.
Ne5 Qe8 16. Bxh5 Nxh5 17. Ne4 f5 18. Nc3 Bd6 19. Nb5 Bxe5 20. dxe5 Qc6 21. Nd4
Qe8 22. c5 Nb3 23. Nxb3 axb3 24. Qxb3 f4 25. Bc1 f3 26. g3 Qg6 27. Kh2 Nf4 28.
Bxf4 Rxf4 29. Rd3 Raf8 30. Rg1 R4f5 31. Re3 Qh6 32. g4 Qf4+ 33. Rg3 R5f7 34.
Qxe6 Kh8 35. Qb3 h6 36. e6 1-0